| 000 | 00620nam a22001337a 4500 | ||
|---|---|---|---|
| 040 | _cRUA | ||
| 082 | _aAVM HEA 2018 B649 Or.1 | ||
| 100 | _aHEAB SOPHEA ហ៊ាប សុភា | ||
| 245 | _aheahoparasites in dog at msarkrang commune stoung district, kampong thom province បរាសិតក្នុងឈាមសុនខនៅឃុំម្សាក្រង ស្រុកស្ទោង ខេត្តកំពង់ធំ | ||
| 260 |
_aRUA _bPhnom penh _c2018 |
||
| 300 |
_ax;44p _bill; _c29cm |
||
| 856 | _uhttps://drive.google.com/file/d/1uHeVQuXhHxP0-D8UP5efgVk_MqxfLX8i/view?usp=sharing | ||
| 942 | _cAVM | ||
| 999 |
_c18334 _d18334 |
||